| 000 | 00856nam a2200277Ia 4500 | ||
|---|---|---|---|
| 001 | Z_648 | ||
| 003 | CHAP | ||
| 008 | 220113s1985 xx 000 0 und d | ||
| 010 | _a163759 | ||
| 040 | _cCHAP | ||
| 090 | _aTesis S 321 | ||
| 100 |
_aSánchez de Anda, Arturo _9107451 |
||
| 245 |
_aDeterminación de la concentración de cobre en hígado y suero sanguíneo de bovinos alimentados con altos niveles de gallinaza / _cpor Arturo Sánchez de Anda |
||
| 260 |
_aChapingo, Méx. : _bEl autor, _c1985 |
||
| 300 | _a79 h. | ||
| 502 | _aTesis (Ing. Agrónomo Esp. en Zootecnia) -- UACH. Departamento de Zootecnia | ||
| 650 |
_aCobre _xToxicidad _924187 |
||
| 650 |
_aGallinaza _944445 |
||
| 650 |
_aGanado vacuno _xAlimentación _945429 |
||
| 901 | _aTESIS S 321 | ||
| 902 | _aM | ||
| 910 | _a1985 | ||
| 942 | _c2 | ||
| 942 | _c2 | ||
| 999 |
_c163759 _d163759 |
||